Representacin̤ de intereses socioeconm̤icos y dil̀ogo social

Bibliographic Details
Main Author: Hoces Íįguez, Ignacio
Format: eBook
Language:Spanish
Published: Madrid: Dykinson, 2021
Subjects:
Online Access:Acceso restringido

MARC

LEADER 00000nam a22000007a 4500
005 20220630231222.0
007 cr|||| ||||
008 220630s2021 es |||||s|||| 00||0 spa d
020 |a 978-84-1377-902-7 
035 |a 36158 
040 |a vLex 
090 |c 13511  |d 13511 
100 1 |a Hoces Íįguez, Ignacio 
245 1 0 |a Representacin̤ de intereses socioeconm̤icos y dil̀ogo social  |h [Recurso electrn̤ico] /  |c Ignacio Hoces Íįguez 
256 |a Servicio en ln̕ea 
260 |a Madrid:  |b Dykinson,  |c 2021 
300 |a 1 recurso electrn̤ico 
506 1 |a Disponible solo en los productos indicados  |d vLex Global  |d vLex Global (Academic Edition, excluding Law Schools)  |d vLex Global (U.S. Academic Edition, Law Schools)  |d vLex Global (U.S. Academic Edition, excluding Law Schools)  |d vLex Global (Academic Edition, Law Schools) 
650 0 4 |a Derecho Constitucional  |z Espaą 
650 0 4 |a Ciencias sociales  |z Espaą 
740 0 |a vLex Libros (Servicio en ln̕ea) 
856 4 0 |u https://app.vlex.com/#/sources/36158  |z Acceso restringido 
942 |c BOOK 
999 0 |a Constitutional Law 
999 0 |a Social Sciences